000 01134cam a22003257a 4500
003 CHAP
005 20220817041734.0
008 971013s1988 r 00010 d
010 _a23030
011 _a24002
035 _a28100
040 _cCHAP
090 _aTesis
100 0 0 _aAyala Espinosa, José Antonio.
_98931
245 0 _aEstudio fenológico de tres variedades de chile (Capsicum annum L.) en la zona de Chapingo, Méx.
260 _aChapingo, Méx. :
_bEl autor,
_c1988
300 _a129 h.
_b; gráfs
502 _aTesis (Ing. Agr. Esp. en Fitotecnia) -- UACH. Departamento de Fitotecnia
590 _aALEPH
_b10
_c20130110
_lUCH01
_h1247
590 _aBATCH-UPD
_b10
_c20130110
_lUCH01
_h2133
590 _aBATCH-UPD
_b10
_c20130410
_lUCH01
_h1442
590 _aBATCH-UPD
_b10
_c20130914
_lUCH01
_h0923
590 _aCONVERSION
_b10
_c20130109
_lUCH01
_h1314
650 1 4 _aChile (Botánica)
_xEfecto del medio ambiente.
_922352
650 1 4 _aChile (Botánica)
_xVariedades.
901 _aBK
942 _cFOLL
949 _bBC
_cTES
_d-64864
_eTS2
_fc.2
_h21469
_i28100
_si
949 _bBC
_cTES
_d281001
_eTS1
_h21469
_i28100
_sb
999 _c23030
_d23030